| 000 | 00439nam a22001337a 4500 | ||
|---|---|---|---|
| 040 | _cNUST | ||
| 082 | _a220 PRO | ||
| 100 |
_aPC Arslan Khan NC Ibrahim Shafqat NC Usama Faisal NC Muhammad Yousaf Khan _9103868 |
||
| 110 | _aProject Supervisor Dr. Fahad Mumtaz Malik | ||
| 245 | _aPR-SOF-2176-Implementation of SLAM in Quadcopter | ||
| 260 |
_aIslamabad: _bNUST College of EME, _c2022. |
||
| 650 |
_aDE-ELECT-40 _9103514 |
||
| 942 |
_2ddc _cPR |
||
| 999 |
_c592549 _d592549 |
||